• 首页
  • 本馆介绍
  • 公告通知
  • 最新文献
  • 馆藏检索
  • 电子资源
  • 读者导购
  • 参考咨询
  • 我的图书馆
  • 登录
  • 详细信息显示
  • 放入我的书架
  • 预约/预借图书
  • 作者相关作品
  • 分类相关作品
  • 丛书相关作品
  • 出版社相关作品

书目信息

  • 表格格式
  • 工作单格式
  • 卡片格式
题名:
耐药菌小史
    
 
作者: 扎曼 著 ;金烨 译
分册:  
出版信息: 北京   中信出版集团股份有限公司  2021
页数: 269页
开本: 21cm
丛书名:
单 册:
中图分类: Q939.101 , Q939.1
科图分类:
主题词: 抗药性--细菌--微生物学史--世界
电子资源:
ISBN: 978-7-5217-3016-6
000 01801nam0 2200277 450
001 2148099660
005 20211116132149.09
010    @a978-7-5217-3016-6@dCNY56.00
100    @a20210507d2021 em y0chiy50 ea
101 1  @achi@ceng
102    @aCN@b110000
105    @ay az 000yy
200 1  @a耐药菌小史@9nai yao jun xiao shi@dBiography of resistance: the epic battle between people and pathogens@f(巴基斯坦)穆罕默德·H. 扎曼著@g金烨译@zeng
210    @a北京@c中信出版集团股份有限公司@d2021
215    @a269页@d21cm
314    @a穆罕默德·H. 扎曼(Muhammad H. Zaman),波士顿大学霍华德·休斯医学研究所生物医学工程和国际卫生教授。他的研究成果发表在《自然》《科学》《柳叶刀》等学术期刊上,他的文章和专栏出现在《纽约时报》《赫芬顿邮报》《国家报》(西班牙)《日本时报》等世界各地的主要报纸上。
320    @a有书目(第249-269页)
330    @a有一天,生命垂危的病人被紧急送到医院,医生们却发现手头无药可用——所有常用的抗生素都不起作用。这不是幻想,是已经真实发生过的惨痛案例。一直以来,细菌与人类共同演化。在人类与致病菌之间,有一场由来已久的、不断升级的“军备竞赛”。人类用抗生素来对抗致病菌,战胜疾病;细菌则逐渐针对越来越多的抗生素发展出耐药性。随着细菌越来越快地对各种抗生素表现出耐药性,我们正面临一场难以想象的公共卫生危机。这是一部关于抗生素和耐药菌之间漫长斗争的简明医学史,对耐药菌的崛起进行了追根溯源的深入观察。它揭示了微生物为何以及如何成为超级细菌,解释了人类与病原体之间的斗争是如何走到今天这一步的,以及我们必须做些什么来应对这场日益严重的全球健康危机。
510 1  @aBiography of resistance : the epic battle between people and pathogens@zeng
606 0  @a抗药性@x细菌@x微生物学史@y世界
690    @aQ939.101@v5
690    @aQ939.1@v4
701  1 @c(巴)@a扎曼@9zha man@c(Zaman, Muhammad H.)@4著
702  0 @a金烨@9Jin Ye@4译
801  0 @aCN@b山东中教@c20211112
905    @aZUCC@dQ939.1@e3
    
    耐药菌小史=Biography of resistance: the epic battle between people and pathogens/(巴基斯坦)穆罕默德·H. 扎曼著/金烨译.-北京:中信出版集团股份有限公司,2021
    269页;21cm
    
    
    ISBN 978-7-5217-3016-6:CNY56.00
    有一天,生命垂危的病人被紧急送到医院,医生们却发现手头无药可用——所有常用的抗生素都不起作用。这不是幻想,是已经真实发生过的惨痛案例。一直以来,细菌与人类共同演化。在人类与致病菌之间,有一场由来已久的、不断升级的“军备竞赛”。人类用抗生素来对抗致病菌,战胜疾病;细菌则逐渐针对越来越多的抗生素发展出耐药性。随着细菌越来越快地对各种抗生素表现出耐药性,我们正面临一场难以想象的公共卫生危机。这是一部关于抗生素和耐药菌之间漫长斗争的简明医学史,对耐药菌的崛起进行了追根溯源的深入观察。它揭示了微生物为何以及如何成为超级细菌,解释了人类与病原体之间的斗争是如何走到今天这一步的,以及我们必须做些什么来应对这场日益严重的全球健康危机。
●
相关链接 在五车中查询图书 在当当中查询图书 在豆瓣中查询图书


正题名:耐药菌小史     索取号:Q939.1/3         预约/预借

序号 登录号 条形码 馆藏地/架位号 状态 备注
1 2000887320   2000887320   第三书库/ [索取号:Q939.1/3] 在馆    
2 2000887321   2000887321   第三书库/ [索取号:Q939.1/3] 在馆    
3 2000887322   2000887322   第三书库/ [索取号:Q939.1/3] 在馆    
山东省滨州职业学院图书馆 欢迎您!
大连网信软件有限公司© 版权所有